Kejuruteraan sistem kawalan

Bibliographic Details
Main Author: El-Hawary, M. E. (Author)
Format: Book
Published: Sekudai, Johor : Unit Penerbitan Akademik, Universiti Teknologi Malaysia 1991
Subjects:

MARC

LEADER 00000cam a2200000 7i4500
001 0000000256
008 021118n
020 |a 9839585509 
090 0 0 |a TJ213  |b .E4812 
100 0 |a El-Hawary, M. E.  |e author 
240 0 0 |a [Control system engineering.  |l Bahasa Malaysia] 
245 0 0 |a Kejuruteraan sistem kawalan   |c M. E. El-Hawary   |f diterjemah oleh Zainol Anuar b. Mohd Shariff, Hishamuddin b. Jamaluddin, Musa b. Mailah 
260 2 |a Sekudai, Johor : Unit Penerbitan Akademik, Universiti Teknologi Malaysia  |c 1991 
300 |a 630 ms. ;  |c 23 sm. 
650 0 |a Automatic control 
650 0 |a Systems engineering 
999 |a 1000039397  |b Book  |c OPEN SHELF (30 DAYS)  |e Gong Badak Campus